Le cotonnier et ses produits (Record no. 22447)

000 -LEADER
fixed length control field 00324nam a22001337a 4500
020 ## - INTERNATIONAL STANDARD BOOK NUMBER
ISBN 2706808233
040 ## - CATALOGING SOURCE
Transcribing agency DLC
082 ## - DEWEY DECIMAL CLASSIFICATION NUMBER
Classification number 630 PAR 1982 C284 Or.
100 ## - MAIN ENTRY--AUTHOR NAME
Personal name G.PARRY
245 ## - TITLE STATEMENT
Title Le cotonnier et ses produits
260 ## - PUBLICATION, DISTRIBUTION, ETC. (IMPRINT)
Name of publisher G.-P. Maisonneuve & Larose, Paris,
Year of publication 1982
300 ## - PHYSICAL DESCRIPTION
Number of Pages 502 pages
Dimensions 25 cm
942 ## - ADDED ENTRY ELEMENTS (KOHA)
Koha item type ADB
952 ## - LOCATION AND ITEM INFORMATION (KOHA)
Withdrawn status [LOCAL, KOHA] 0
952 ## - LOCATION AND ITEM INFORMATION (KOHA)
Withdrawn status [LOCAL, KOHA] 0
Holdings
Permanent Location Date acquired Koha item type Lost status Shelving location Barcode Current Location Full call number
Library Block C2023-12-29ADB C284a21784Library Block C630 PAR 1982 C284 Or.1
Library Block C2023-12-29ADB C284a17865Library Block C630 PAR 1982 C284 Or.
មជ្ឈមណ្ឌលឯការនៃសាកលវិទ្យាល័យភូមិន្ទកសិកម្មចំការដូង

Powered by Koha